=LDR 00000nam 2200000 4500 =001 INLIS000000000054898 =005 20200302081506 =035 ##$$a 0010-0320000005 =007 ta =008 200302###########################0#ind## =020 ##$$a 978-602-407-212-4 =082 ##$$a 370.154 =084 ##$$a 370.154 Dec r =245 1#$$a Rahasia Belajar Para Ilmuan Dunia : $b Meneladani Semangat Belajar Orang-orang Hebat /$c Ricard Decaprio =250 ##$$a Cet 1 =300 ##$$a 172 halaman ; $c 20 Cm. =700 #$$a Editor :@dion_ Yulianto =264 ##$$a Yogyakarta :$b Laksana,$c 2017 =336 ##$$a teks$2 rdacontent =337 ##$$a lain-lain$2 rdamedia =338 ##$$a lain-lain$2 rdacarrier =990 ##$$a 1351313513 =990 ##$$a 1351313513